000 01737nam a22003257a 4500
001 768714001
003 CO-MdFUSB
005 20220622105609.0
007 ta
008 220518t2020 -us |||| |||| 00| 0 eng d
020 _a 9781783687800
040 _aCO-MdFUSB
_bspa
_cCO-MdFUSB
_dCO-MdFUSBC
_erda
041 _aeng
082 _223
_a226.506
_bK19
100 _aKatanacho, Yohanna,
_eautor
245 _aReading the gospel of John through Palestinian eyes
_c/ Yohanna Katanacho
264 1 _aCarlisle:
_bLangham Preaching Resources,
_c[2020]
264 4 _c© 2020
300 _a137 páginas
_c; 23 cm
336 _2rdacontent
_atexto
_btxt
337 _2rdamedia
_asin mediación
_bn
338 _2rdacarrier
_avolumen
_bnc
505 _aUn nuevo comienzo -- El signo de las bodas de Caná -- Espacio santo -- Tiempo santo -- Historia santa -- Nación santa -- La tierra santa -- Vida mejor -- Introducción al libro de la hora -- El pueblo de amor -- El pueblo del espíritu -- El pueblo perseguido -- El pueblo de la vid -- El pueblo de la unidad -- El pueblo de la cruz -- El pueblo de la resurrección -- Conclusión.
520 _aKatanacho demuestra cómo el evangelio de Juan establece una nueva identidad para el pueblo de Dios, una identidad definida no por la raza o la nacionalidad, sino por el sufrimiento y el amor. Con preguntas para la reflexión diseñadas pensando en los predicadores, este libro accesible será de gran ayuda para los cristianos que buscan extraer las hermosas riquezas de la verdad espiritual en este evangelio a menudo complicado".
563 _aRústico
630 7 _aBiblia.
_pJuan
_xCrítica, interpretación, etc.
942 _cBK
945 _aJTF-925
999 _c67880
_d67880